01573nam a2200313 a 450000100100000000500170001000800410002702000150006804000250008304100130010808200180012113000920013924501180023126000730034930000210042249000820044350000890052550400480061454600210066263000520068365000390073571001790077470000350095383000890098891000370107704900090111495201210112399900150124400000557120200929151721.0090820s1988 es 001 0 spa d a8400064747 aDO-SdBNPbspacBNPHU17acophspa a220.49bB582e0 aBiblia.pA.T.pMarcoslCoptosBiblioteca Pierpont MorgankManuscritonM569f198891574713aEl evangelio de San Marcos en copto sahídico :b(texto de M 569 y aparato crítico) /cGonzalo Aranda Pérez. aMadrid, :bConsejo Superior de Investigaciones Científicas,c1988. a150 p. ;c24 cm.1 aTextos y Estudios "Cardenal Cisneros" de la Biblia Políglota Matritensev45 aIntroducción y notas en español, con texto en copto, con caracteres sahídicos. aBibliografía y notas al pie de páginas. aCopto, Español04aBIBLIA-N.T.-SAN MARCOS-CRÍTICA TEXTUAL915748 4aManuscritos coptos (papiro)9157492 aConsejo Superior de Investigaciones Científicas (España).bInstituto de Filología Bíblica del CSIC.bDepartamento de Filología Bíblica y de Oriente Antiguo9152781 aAranda Pérez, Gonzalo915750 0aTextos y Estudios "Cardenal Cisneros" de la Biblia Políglota Matritensev45915280 aValidado. Control de calidad EMS aBNPD 001054708MOaGRbGRcHDd2009-08-24iLF1l0o220.49 B582ep5571-10r2020-06-25w2020-06-25y4ZPréstamo en sala c5370d5370